| 000 | 00464nam a22001457a 4500 | ||
|---|---|---|---|
| 005 | 20150909123839.0 | ||
| 008 | 150909b xxu||||| |||| 00| 0 eng d | ||
| 050 |
_aPQ2349. _bA2 2011 |
||
| 100 |
_aMaupassant, Guy de. _919582 |
||
| 245 |
_aSelected short stories of Guy de Maupassant _cby Maupassant, Guy de. |
||
| 260 |
_aNew Dehli _bLittle Scholarz _c2011 |
||
| 300 |
_a319p.; _c22cm. |
||
| 440 |
_aLittle Scholarz Classic _919583 |
||
| 942 |
_2lcc _cMONOGRAPH |
||
| 999 |
_c123322 _d123322 |
||